000 00613nam a22001937a 4500
003 OSt
005 20251128140920.0
008 251128b |||||||| |||| 00| 0 eng d
020 _a971-08-6089-5
040 _aDWCL-Main lib
_cOC
082 _23rd ed.
_aFil. 621.381 F162p 2000
100 _aFaina, Juanito S.
245 _aPractical electronics projects and trouble shooting 3rd ed.
_cFaina, Juanito S.
260 _aMandaluyong City :
_bNational Book store,
_cc2000.
300 _axviii, 151 pages ;
_c25 cm.
504 _aIncludes index
650 _21. Electronics.
942 _2ddc
_cBK - FIL
_e3rd ed.
_kFil.
_n0
999 _c6568
_d6568